000 01414nam a2200337Ia 4500
001 dia_982
003 CHAP
005 20230119105904.0
008 220117s1980 xx 000 0 und d
010 _a171530
040 _cCHAP
082 _a378.107 U23 1980
110 _aUACh. Departamento de Enseñanza, Investigación y Servicios de Industrias Agrícolas
_9149702
245 _aInforme de actividades del ciclo escolar 1979-80 /
_c Departamento de Enseñanza, Investigación y Servicios en Industrias Agrícolas
260 _aMéxico :
_b UACh, Industrias Agrícolas,
_c1980
300 _aca. 50 h.
500 _aInforme por el Ing. Luis Felipe Ramayo Ramírez
503 _aD.
590 _aS530 U23 1980
650 _aAgricultural colleges
_xMexico
_xChapingo
_9149703
650 _aAgricultural education
_xMexico
_xChapingo
_9149704
650 _aAgricultural industry
_xInstruction and study
_9149705
650 _aEducación agricola
_xMéxico
_xChapingo
_9149706
650 _aIndustria agricola
_xEstudio y enseñanza
_9149707
650 _aUniversidad agrícola
_xMéxico
_xChapingo
_9149708
710 _aUniversidad Autónoma Chapingo \ Departamento de Enseñanza, Investigación y Servicios de Industrias Agrícolas (UACh)
_9149709
901 _a378.107 U23 1980
902 _aM
905 _a5232271980 MX n 8223223322SPA16
942 _cLIBRO
_2ddc
999 _c171530
_d171530